Normal view
MARC view
- Tariq,Maheen
Entry Personal Name
001 - CONTROL NUMBER
- control field: 5073
003 - CONTROL NUMBER IDENTIFIER
- control field: NUST
005 - DATE AND TIME OF LATEST TRANSACTION
- control field: 20170928130045.0
008 - FIXED-LENGTH DATA ELEMENTS
- fixed length control field: 170928|| aca||aabn | a|a d
040 ## - CATALOGING SOURCE
- Original cataloging agency: NUST
- Transcribing agency: NUST
100 ## - HEADING--PERSONAL NAME
- Personal name: Tariq,Maheen
670 ## - SOURCE DATA FOUND
- Source citation: Work cat.: (NUST): Tariq,Maheen, Corruption and provision of health care and education services in SAARC region, 2015
